Programme and contract information 1996. : Estonia.
Uložené v:
| Médium: | Kniha |
|---|---|
| Jazyk: | English |
| Vydané: |
Brussels :
European Commission,
[1996]
|
| Vydanie: | 1. vyd. |
| Témy: | |
| ISBN: |
(brož.) |
| Fyzický popis: |
23 s. |
| Tagy: |
Pridať tag
Žiadne tagy, Buďte prvý kto otaguje tento záznam!
|
Titul je dostupný aj v ... 

MARC
| LEADER | 00000nam a2200000 a 4500 | ||
|---|---|---|---|
| 001 | 000028413 | ||
| 003 | SVKK | ||
| 005 | 19990608000000.0 | ||
| 008 | 970923s1996 be e engo | ||
| 020 | |a (brož.) | ||
| 040 | |a SVKKK |b slo |c SVKKK |e AACR2 | ||
| 041 | 0 | |a eng | |
| 044 | |a be |c BE | ||
| 080 | |a 339.923(474.2:4) |2 1997 | ||
| 245 | 0 | 0 | |a Programme and contract information 1996. : |b Estonia. |
| 250 | |a 1. vyd. | ||
| 260 | |a Brussels : |b European Commission, |c [1996] | ||
| 300 | |a 23 s. | ||
| 653 | 0 | |a Európska únia |2 SVKKKPH | |
| 653 | 0 | |a Estónsko |2 SVKKKPH | |
| 653 | 0 | |a Phare (program EU) |2 SVKKKPH | |
| 653 | 0 | |a programy medzinárodné |2 SVKKKPH | |
| 655 | 7 | |a monografie |2 SVKKKPH | |
| 910 | |a svkkk | ||
| 974 | |a MI |d 19971103 | ||
| 974 | |a KL |d 19971216 | ||
| 974 | |a MI |d 19990608 | ||
| 998 | |a BK | ||
| 090 | |g SCKHL |k Sklad Pribinova 3. posch. |a V.200416 |j 911451 |i 2720620473 |s Absenčne | ||